000 00708nam a2200229 i 4500
001 115533
003 ES-MaACL
005 20230906190458.0
007 t|
008 070314q19181925sp |||| | spa d
080 _a621.395.72
100 1 _aCaro y Anchía, Ricardo.
_935412
245 1 0 _aCentrales telefónicas /
_cpor Ricardo Caro y Anchía.
260 _aMadrid :
_bCalpe,
_c[entre 1918-1925]
300 _a192 p. :
_bil. ;
_c17 cm.
490 1 _aBiblioteca del electricista práctico ;
_v27
650 1 4 _aCentrales telefónicas.
_9151340
650 4 _aTeléfono.
_9151341
830 0 _aBiblioteca del electricista práctico ;
_v27
_9186267
852 _aES-MaACL
_jB-3760
999 _c115533
_d115533